000 00560nam a2200229Ia 4500
003 OSt
005 20221005130720.0
006 a|||||r|||| 00| 0
007 ta
008 221004b |||||||| |||| 00| 0 kan d
024 _a61442
037 _cTextual
040 _aCRL
_cCRL
_bkan
041 _2kan
_akan
082 _aRwC562, 33J8
100 _aRao Murti
_9638544
245 0 _aSakretisan koneya dinagalu
260 _c1958
650 _aPHILOSOPHY
942 _hRwC562, 33J8
_cTEXL
_2cc
999 _c1058158
_d1058158